Introducción a la tagmémica
Sparad:
| Huvudupphovsman: | |
|---|---|
| Materialtyp: | Bok |
| Språk: | Undetermined |
| Publicerad: |
San José, Costa Rica
Semántica
1978
|
| Ämnen: | |
| Taggar: |
Lägg till en tagg
Inga taggar, Lägg till första taggen!
|
MARC
| LEADER | 00000nam a2200000Ia 4500 | ||
|---|---|---|---|
| 008 | 170316s9999 xx 000 0 und d | ||
| 090 | |a 410 B-21i | ||
| 100 | |a Bourland Hawley, David | ||
| 245 | |a Introducción a la tagmémica | ||
| 260 | |a San José, Costa Rica | ||
| 260 | |b Semántica | ||
| 260 | |c 1978 | ||
| 300 | |a 122 páginas | ||
| 650 | |a LINGÜÍSTICA | ||
| 999 | |c 18237 |d 18237 | ||
| 040 | |a cru BVZT | ||
| 942 | |c 15 D |h 410 B-21i |2 z | ||
